000 00549nam a2200181Ia 4500
005 20250326123449.0
008 250326s9999 xx 000 0 und d
037 _aTextbook
040 _aFMSL
_beng
_cFMSL
041 _aeng
_2eng
084 _aX8(A):8 M0
_qFMSL
100 _aJansson D G
_9735210
245 0 _aTechnology innovation in education and industry
_cJansson D G; Cravalho E G
260 _aNew York
_bNew York, Van Nostrand Reinhold Com.
_c1980
300 _a304p
942 _cTB
_hX8(A):8 M0
999 _c1269469
_d1269469